Accounting: An Introduction (Record no. 3566)

MARC details
005 - DATE AND TIME OF LATEST TRANSACTION
control field 20250613090043.0
020 ## - INTERNATIONAL STANDARD BOOK NUMBER
International Standard Book Number 0-273-68822-7
082 ## - DEWEY DECIMAL CLASSIFICATION NUMBER
Classification number 657 MCL
100 ## - MAIN ENTRY--PERSONAL NAME
Author name MCLANEY, E.
245 ## - TITLE STATEMENT
Title Accounting: An Introduction
250 ## - EDITION STATEMENT
Edition statement 3rd Ed.
260 ## - PUBLICATION, DISTRIBUTION, ETC.
Place of publication, distribution, etc. London
Name of publisher, distributor, etc. Prentice Hall
Date of publication, distribution, etc. 2005.
300 ## - PHYSICAL DESCRIPTION
Extent xxv, 723p.
Other physical details Index
Dimensions 26 cm
700 ## - ADDED ENTRY--PERSONAL NAME
Other authors/Editors Atrill Peter
942 ## - ADDED ENTRY ELEMENTS (KOHA)
Source of classification or shelving scheme Dewey Decimal Classification
Koha item type Books
Holdings
Date last seen Total checkouts Full call number Barcode Cost, replacement price Price effective from Koha item type Lost status Source of classification or shelving scheme Damaged status Not for loan Withdrawn status Home library Current library Shelving location Date acquired Source of acquisition Cost, normal purchase price
06/10/2025   657 MCL MZA000485 72000.00 06/09/2025 Books   Dewey Decimal Classification       CBE Mwanza CBE Mwanza General Collection 06/09/2025 Library Budget 24000.00
06/10/2025   657 MCL MZA000486 72000.00 06/09/2025 Books   Dewey Decimal Classification       CBE Mwanza CBE Mwanza General Collection 06/09/2025 Library Budget 24000.00